[Event "Wch U16"]
[Site "Kemer"]
[Date "2009.11.20"]
[Round "9"]
[White "Ferreira, Jorge Viterbo"]
[Black "Komut, Burak"]
[Result "1-0"]
[WhiteElo "2273"]
[BlackElo "1931"]
[PlyCount "77"]
[EventDate "2009.11.12"]
[EventType "swiss"]
[EventRounds "11"]
[EventCountry "TUR"]
[SourceTitle "EXT 2010"]
[Source "ChessBase"]
[SourceDate "2010.11.25"]
[SourceVersion "1"]
[SourceVersionDate "2010.11.25"]
[SourceQuality "1"]

1. e4 e5 2. Nf3 Nc6 3. Bb5 a6 4. Ba4 Nf6 5. 0-0 Be7 6. Re1 b5 7. Bb3 0-0 8. c3 d6 9. h3 Bb7 10. d4 Re8 11. Nbd2 Bf8 12. a4 h6 13. Bc2 exd4 14. cxd4 Nb4 15. Bb1 c5 16. d5 Nd7 17. Ra3 f5 18. Nh2 Nf6 19. Rg3 Kh8 20. b3 fxe4 21. Nxe4 Bxd5 22. Nxf6 Qxf6 23. Ng4 Qd4 24. Bd2 Be4 25. Rge3 d5 26. Nxh6 Qf6 27. Ng4 Qg6 28. Bxe4 dxe4 29. Rg3 Qh5 30. Bc3 Nd3 31. Ree3 b4 32. Ba1 Bd6 33. Bxg7+ Kxg7 34. Nf6+ Kxf6 35. Qxh5 Bxg3 36. Rxg3 Ne5 37. Qh6+ Ke7 38. Rg7+ Nf7 39. Qg5+ 1-0

[Event "Wch U16"]
[Site "Kemer"]
[Date "2009.11.15"]
[Round "4"]
[White "Kerigan, Demre"]
[Black "Komut, Burak"]
[Result "0-1"]
[WhiteElo "2097"]
[BlackElo "1931"]
[PlyCount "84"]
[EventDate "2009.11.12"]
[EventType "swiss"]
[EventRounds "11"]
[EventCountry "TUR"]
[SourceTitle "EXT 2010"]
[Source "ChessBase"]
[SourceDate "2010.11.25"]
[SourceVersion "1"]
[SourceVersionDate "2010.11.25"]
[SourceQuality "1"]

1. e4 e5 2. Nf3 Nc6 3. Bb5 a6 4. Ba4 Nf6 5. d3 b5 6. Bb3 d6 7. c3 Be7 8. 0-0 0-0 9. Re1 Bg4 10. Nbd2 Na5 11. Bc2 c5 12. Nf1 Re8 13. Ng3 Bf8 14. h3 Be6 15. Nh2 d5 16. Qe2 dxe4 17. dxe4 Qc7 18. Bg5 Nd7 19. Nf5 f6 20. Bc1 c4 21. g4 g6 22. Ne3 Nc5 23. g5 fxg5 24. Nd5 Qf7 25. Bxg5 Bxd5 26. exd5 Qxd5 27. Ng4 Bg7 28. Rad1 Qe6 29. Qe3 Nab7 30. Qg3 h5 31. Ne3 e4 32. Nd5 Nd3 33. Rxd3 cxd3 34. Bb3 Kh8 35. Be3 Qf5 36. Nf4 Kh7 37. Bd5 Re7 38. Bb3 Na5 39. Bd1 Nc4 40. Bg4 Qf7 41. Bc5 Ree8 42. Bd1 Rac8 0-1

[Event "Izmir op"]
[Site "Izmir"]
[Date "2009.??.??"]
[Round "2"]
[White "Haznedaroglu, Kivanc"]
[Black "Komut, Burak"]
[Result "1-0"]
[WhiteElo "2468"]
[BlackElo "1893"]
[PlyCount "101"]
[EventDate "2009.08.20"]
[EventType "swiss"]
[EventRounds "9"]
[EventCountry "TUR"]
[SourceTitle "CBM 131 Extra"]
[Source "ChessBase"]
[SourceDate "2009.09.03"]
[SourceVersion "2"]
[SourceVersionDate "2009.09.16"]
[SourceQuality "1"]

1. d4 d5 2. Nf3 Nf6 3. c4 c6 4. Nbd2 e6 5. e3 Nbd7 6. Bd3 Bd6 7. 0-0 0-0 8. e4 dxe4 9. Nxe4 Nxe4 10. Bxe4 Re8 11. Bg5 Qc7 12. Re1 h6 13. Bh4 c5 14. Bc2 b6 15. Qd3 Nf8 16. dxc5 Bxc5 17. a3 Ba6 18. Bg3 Qe7 19. b4 Red8 20. Qe4 Bd6 21. Rad1 Bxg3 22. hxg3 Bb7 23. Qe3 Bxf3 24. Qxf3 Qc7 25. Qf4 Qxf4 26. gxf4 Nh7 27. f5 Rxd1 28. Rxd1 Nf6 29. fxe6 fxe6 30. Rd6 Kf7 31. Rc6 Rd8 32. c5 bxc5 33. Rxc5 Nd5 34. Ba4 Rd6 35. Ra5 a6 36. Rc5 Kf6 37. g3 Rb6 38. Kg2 Ke5 39. Rc4 g5 40. Bd1 Kd6 41. Be2 Nc7 42. Kh3 e5 43. Kg4 Nb5 44. a4 Na3 45. Re4 Nc2 46. b5 Nd4 47. a5 Rb8 48. bxa6 Nxe2 49. Rxe2 Ra8 50. Rb2 Kd5 51. Rb6 1-0